000 02953cgm a2200709Ka 4500
003 data
005 20260322212015.0
007 data
008 data
020 _a1594450277
020 _a9781594450273
024 1 0 _a796019810708
028 4 2 _a81070
_bWeinstein Company
037 _bMidwest Tape
_nhttp://www.midwesttapes.com
040 _aTEFMT
_cTEFMT
_dCIN
_dBTCTA
_dGK8
_dZS3
_dOCLCQ
_dCIN
043 _an-us-tx
050 1 4 _aPN1995.9.M45
_bG74 2008
082 0 4 _a791.43/72
_222
090 _aDVD 927
245 1 4 _aThe great debaters
_h[videorecording] /
_cTodd Black ... [et al.].
250 _aWidescreen [ed.]
260 _a[New York] :
_bWeinstein Company,
_cc2008.
300 _a1 videodisc (124 min.) :
_bsd., col. ;
_c4 3/4 in.
508 _aDirector of photography, Philippe Rousselot ; editors, John Breinholt, Hughes Winborne ; music, Peter Golub, James Newton Howard ; costume designer, Sharen Davis ; production designer, David J. Bomba.
511 1 _aDenzel Washington, Nate Parker, Jurnee Smollett, Denzel Whitaker, Jermaine Williams, Forest Whitaker, Gina Ravera, John Heard, Kimberly Elise, Devyn Tyler, Trenton McClain Boyd.
520 _aMelvin B. Tolson is a professor at Wiley College in Texas. Wiley is a small African-American college. In 1935, Tolson inspired students to form the school's first debate team. Tolson turns a group of underdog students into a historically elite debate team which goes on to challenge Harvard in the national championship. Inspired by a true story.
521 8 _aMPAA rating: PG-13; strong thematic material including violence and disturbing images, language, and brief sexuality.
538 _aDVD, widescreen (2.35:1) presentation; Dolby Digital.
546 _aClosed-captioned.
610 2 0 _aWiley College (Marshall, Tex.)
_vDrama.
650 0 _aDebates and debating
_zTexas
_vDrama.
650 0 _aAfrican American college students
_zTexas
_vDrama.
650 0 _aAfrican American college teachers
_zTexas
_vDrama.
651 0 _aTexas
_vDrama.
655 7 _aMelodrama
_vFeature.
_2migfg.
655 7 _aFeature films.
_2gsafd.
655 7 _aMelodrama.
_2gsafd.
655 0 _aHistorical films.
655 0 _aVideo recordings for the hearing impaired.
655 0 _aFiction films.
655 0 _aFeature films.
700 1 _aBlack, Todd.
700 1 _aForte, Kate.
700 1 _aRoth, Joe,
_d1948-
700 1 _aWashington, Denzel,
_d1954-
700 1 _aWinfrey, Oprah.
700 1 _aEisele, Robert.
700 1 _aPorro, Jeffrey.
700 1 _aParker, Nate,
_d1979-
700 1 _aSmollett, Jurnee,
_d1986-
700 1 _aWhitaker, Denzel.
700 1 _aWilliams, Jermaine.
700 1 _aWhitaker, Forest.
700 1 _aRavera, Gina.
700 1 _aHeard, John,
_d1946-
700 1 _aElise, Kimberly,
_d1971-
700 1 _aTyler, Devyn.
700 1 _aBoyd, Trenton McClain.
710 2 _aWeinstein Company.
710 2 _aHarpo Films.
001 data
999 _c327
_d327